| 000 | 00365nam a2200145 a 4500 | ||
|---|---|---|---|
| 001 | 485 | ||
| 003 | CDMR | ||
| 005 | 20130703132125.0 | ||
| 008 | 130130s1966||||||||||||||||||||||||||||d | ||
| 040 |
_aCDMR _bcat _cCPC GIRONA |
||
| 100 | 1 |
_aConquet, André _9344 |
|
| 245 | 1 | 0 |
_aCom aprendre a parlar en públic _cConquet, André |
| 260 |
_c1966 _bNova Terra |
||
| 942 |
_cMON _2udc |
||
| 999 |
_c485 _d485 |
||